[Event "Lynskak-DM 2024"]
[Site "Helsingor"]
[Date "2024.09.01"]
[Round "5.8"]
[White "Henningsen, Lasse"]
[Black "Hansen, Jacob Ost"]
[Result "0-1"]
[WhiteElo "1958"]
[BlackElo "2318"]
[WhiteFideId "1425315"]
[BlackFideId "1400096"]
[EventDate "2024.09.01"]
[EventType "swiss"]
[EventRounds "13"]
[EventCountry "DEN"]
[SourceTitle "Live v. Kasper Jerwiarz"]

1. d4 Nf6 2. c4 c5 3. Nf3 cxd4 4. Nxd4 b6 5. Nc3 Bb7 6. f3 a6 7. e4 d6 8. Be3 e6 9. Qd2 Be7 10. Be2 O-O 11. O-O Nbd7 12. Rac1 Rc8 13. Rfd1 Qc7 14. b3 Rfe8 15. Bf1 Qb8 16. Nc2 Bf8 17. Bf2 Qa8 18. Ne3 Bc6 19. Nc2 h6 20. Bg3 Ne5 21. Nb4 Bb7 22. Nd3 Qb8 23. Nxe5 dxe5 24. Bf2 Bc6 25. Be3 Nd7 26. Qf2 Bc5 27. Be2 a5 28. Bxc5 Nxc5 29. Rd2 f5 30. Rcd1 fxe4 31. Nxe4 Bxe4 32. fxe4 Nxe4 33. Qe3 Nxd2 34. Rxd2 Rcd8 35. Bf3 Rxd2 36. Qxd2 Rd8 37. Qe3 Qd6 38. h3 Qd4 39. Kf2 Rf8 40. Ke2 Rf4 41. g3 Qb2+ 42. Kf1 Rd4 43. Qxe5 Rd1+ 44. Qe1 Rxe1+ 45. Kxe1 Qxa2 0-1

[Event "Lynskak-DM 2024"]
[Site "Helsingor"]
[Date "2024.09.01"]
[Round "5.9"]
[White "Jorgensen, Dennis"]
[Black "Rosenlund, Thorbjorn"]
[Result "1-0"]
[WhiteElo "2236"]
[BlackElo "2136"]
[WhiteFideId "1408380"]
[BlackFideId "1400614"]
[EventDate "2024.09.01"]
[EventType "swiss"]
[EventRounds "13"]
[EventCountry "DEN"]
[SourceTitle "Live v. Kasper Jerwiarz"]

1. d4 Nf6 2. Nf3 c5 3. e3 e6 4. c4 d5 5. a3 cxd4 6. exd4 Be7 7. Nc3 O-O 8. cxd5 exd5 9. Bd3 Bg4 10. h3 Bxf3 11. Qxf3 Nc6 12. Be3 Qb6 13. O-O Rad8 14. Rfd1 Rfe8 15. b4 h6 16. Na4 Qc7 17. Rac1 Ne4 18. b5 Qa5 19. bxc6 Qxa4 20. cxb7 Qxa3 21. Bb5 Rf8 22. Bc6 Bd6 23. Bxd5 Nc3 24. Bc6 Nxd1 25. Rxd1 Bb8 26. d5 Qd6 27. g3 Rd7 28. Bf4 Qe7 29. Bxb8 Rxb8 30. Bxd7 Qxd7 31. d6 Kf8 32. Qe4 a5 33. Qh7 1-0

[Event "Lynskak-DM 2024"]
[Site "Helsingor"]
[Date "2024.09.01"]
[Round "5.10"]
[White "Pedersen, Daniel Vesterbaek"]
[Black "Nielsen, Jan Mose"]
[Result "1-0"]
[WhiteElo "2184"]
[BlackElo "2171"]
[WhiteFideId "1402161"]
[BlackFideId "1405306"]
[EventDate "2024.09.01"]
[EventType "swiss"]
[EventRounds "13"]
[EventCountry "DEN"]
[SourceTitle "Live v. Kasper Jerwiarz"]

1. e4 c5 2. Nf3 d6 3. d4 cxd4 4. Nxd4 Nf6 5. Nc3 g6 6. Be3 Bg7 7. f3 a6 8. Qd2 Nbd7 9. g4 b5 10. a4 b4 11. Nd1 a5 12. Be2 Nc5 13. Nf2 Bb7 14. h4 h5 15. g5 Nfd7 16. O-O O-O 17. Bb5 Qc8 18. Kg2 Ne5 19. Rad1 Ne6 20. Nxe6 Qxe6 21. b3 Rac8 22. Bd4 Kh7 23. Qe2 f5 24. f4 Ng4 25. Bxg7 Kxg7 26. Bc4 d5 27. Bxd5 Bxd5 28. Rxd5 Nxf2 29. Re5 Qc6 30. Rxf2 fxe4 31. Rxe7+ Rf7 32. Re5 Qc3 33. Qxe4 Rcf8 34. Rxa5 Rf5 35. Ra7+ R8f7 36. Rxf7+ Rxf7 37. Qe5+ Qxe5 38. fxe5 Re7 39. Re2 Kf7 40. Re4 Ke6 41. Rxb4 1-0

[Event "Lynskak-DM 2024"]
[Site "Helsingor"]
[Date "2024.09.01"]
[Round "6.1"]
[White "Bjerre, Jonas Buhl"]
[Black "Hansen, Sune Berg"]
[Result "1-0"]
[WhiteElo "2497"]
[BlackElo "2561"]
[WhiteFideId "1444948"]
[BlackFideId "1400266"]
[EventDate "2024.09.01"]
[EventType "swiss"]
[EventRounds "13"]
[EventCountry "DEN"]
[SourceTitle "Live v. Kasper Jerwiarz"]

1. e4 c6 2. d4 d5 3. exd5 cxd5 4. Bd3 Nf6 5. c3 Nc6 6. Nf3 g6 7. h3 Bf5 8. O-O Bg7 9. Re1 Bxd3 10. Qxd3 O-O 11. Bf4 Qb6 12. Re2 Ne4 13. Na3 e6 14. Rb1 a6 15. Nc2 Rad8 16. Ne3 f6 17. Bh2 Rfe8 18. Nd2 Nxd2 19. Rxd2 f5 20. Re1 Qb5 21. Qxb5 axb5 22. a3 Kf7 23. Rde2 Rc8 24. Nf1 Na5 25. Nd2 Nc4 26. Nf3 h6 27. h4 Rc6 28. Bf4 Ra8 29. g3 Re8 30. Rd1 Rec8 31. Ne1 Rg8 32. Nd3 Bf8 33. b3 Ke8 1-0

[Event "Lynskak-DM 2024"]
[Site "Helsingor"]
[Date "2024.09.01"]
[Round "6.2"]
[White "Hector, Jonny"]
[Black "Thybo, Jesper Sondergaard"]
[Result "0-1"]
[WhiteElo "2403"]
[BlackElo "2380"]
[WhiteFideId "1700090"]
[BlackFideId "1438832"]
[EventDate "2024.09.01"]
[EventType "swiss"]
[EventRounds "13"]
[EventCountry "DEN"]
[SourceTitle "Live v. Kasper Jerwiarz"]

1. e4 e5 2. Nf3 Nc6 3. d4 exd4 4. Nxd4 Nf6 5. Nxc6 bxc6 6. e5 Qe7 7. Qe2 Nd5 8. Nd2 g6 9. Ne4 Bg7 10. c4 Ba6 11. f4 O-O 12. Qf2 Nb6 13. b3 d6 14. Bb2 dxe5 15. f5 gxf5 16. Qxf5 Bc8 17. Qf2 f5 18. Nc3 e4 19. O-O-O a5 20. a4 Nd7 21. Kb1 Rb8 22. Ka2 Qb4 23. Qc2 Nc5 24. Ba3 Qb6 25. Nb5 cxb5 26. cxb5 Nd3 27. Bxf8 Bxf8 28. Bxd3 exd3 29. Rxd3 Qf6 30. Qc4+ Be6 31. Qd4 Qxd4 32. Rxd4 Bc5 33. Rd2 Kf7 34. Re1 Rg8 35. Rc2 Bd6 36. b6 cxb6 37. Rc6 Rxg2+ 38. Kb1 Rd2 39. Kc1 Rd5 40. Rxb6 Bf4+ 41. Kb2 Rd6 42. Rxd6 Bxd6 43. Rf1 f4 44. h4 Bc5 45. Rd1 f3 46. Rc1 Bh3 0-1

[Event "Lynskak-DM 2024"]
[Site "Helsingor"]
[Date "2024.09.01"]
[Round "6.3"]
[White "Wilbrandt, Simon Pil"]
[Black "Saugmann, Frederik Chabert"]
[Result "0-1"]
[WhiteElo "2107"]
[BlackElo "1942"]
[WhiteFideId "1436988"]
[BlackFideId "1476122"]
[EventDate "2024.09.01"]
[EventType "swiss"]
[EventRounds "13"]
[EventCountry "DEN"]
[SourceTitle "Live v. Kasper Jerwiarz"]

1. d4 d5 2. c4 c6 3. Nc3 Nf6 4. e3 e6 5. Nf3 Nbd7 6. Qc2 Be7 7. g4 Nxg4 8. Rg1 Ngf6 9. Rxg7 b6 10. Ng5 Rf8 11. Nxh7 Nxh7 12. Qxh7 Nf6 13. Qc2 Bb7 14. Bd2 Qd6 15. Rg2 a6 16. O-O-O Kd7 17. e4 dxe4 18. Nxe4 Nxe4 19. Qxe4 Rab8 20. Bf4 c5 21. d5 e5 22. Bxe5 Qh6+ 23. Bf4 Qf6 24. Rg3 Bd6 25. Bh3+ Kc7 26. Bxd6+ Qxd6 27. Qf3 Rbe8 28. Rg7 Re7 29. Qg3 b5 30. b3 b4 31. Rd3 Re5 32. Re3 Rxe3 33. fxe3 Qxg3 34. Rxg3 Kd6 35. Kd2 Ke5 36. Kd3 f5 37. Rg7 Bc8 38. Re7+ Kd6 39. Rh7 Bd7 40. Rh6+ Ke5 41. Bg2 Bc8 42. Bf3 f4 43. h4 fxe3 44. Kxe3 Rg8 45. Rh5+ Kd6 46. Rg5 Re8+ 47. Kf2 Rf8 48. Kg3 Bd7 49. h5 Rh8 50. Rg6+ Ke5 51. h6 Bc8 52. Rc6 Bf5 53. Kh4 Kf4 54. Bh5 Rg8 55. Rf6 Ke5 56. Rxa6 Rg1 57. Ra7 Rh1+ 58. Kg3 Rxh5 59. Re7+ Kf6 60. Rc7 Rg5+ 61. Kf4 Rg4+ 62. Kf3 Rh4 63. Rxc5 Ke5 64. Rc6 Be4+ 65. Kg3 Rh1 66. Rb6 Rg1+ 67. Kf2 Rg2+ 68. Kf1 Kd4 69. d6 Ke3 70. d7 Rf2+ 71. Ke1 Re2+ 72. Kf1 Rf2+ 73. Ke1 Re2+ 74. Kd1 Rd2+ 75. Kc1 Rc2+ 76. Kb1 Rd2+ 77. Ka1 Rd1+ 78. Kb2 Rb1# 0-1

[Event "Lynskak-DM 2024"]
[Site "Helsingor"]
[Date "2024.09.01"]
[Round "6.4"]
[White "Jepson, Christian"]
[Black "Hoyer, Jacob K"]
[Result "1-0"]
[WhiteElo "2356"]
[BlackElo "2192"]
[WhiteFideId "1701185"]
[BlackFideId "1416316"]
[EventDate "2024.09.01"]
[EventType "swiss"]
[EventRounds "13"]
[EventCountry "DEN"]
[SourceTitle "Live v. Kasper Jerwiarz"]

1. Nf3 Nf6 2. c4 g6 3. Nc3 d5 4. cxd5 Nxd5 5. h4 h5 6. e4 Nxc3 7. dxc3 Qxd1+ 8. Kxd1 Bg7 9. Bf4 c6 10. Bc4 O-O 11. Kc2 Nd7 12. a4 Nc5 13. Rhe1 Be6 14. Nd2 Rfd8 15. Bxe6 Nxe6 16. Be3 Rd7 17. a5 a6 18. Nc4 Rdd8 19. g3 Kh7 20. Bb6 Rd7 21. Be3 Bh6 22. Bxh6 Kxh6 23. Nb6 Rad8 24. Nxd7 Rxd7 25. Rad1 Rc7 26. f4 f6 27. b4 g5 28. f5 Nf8 29. Rd8 Nd7 30. Kb3 Ne5 31. Red1 Kg7 32. Re8 gxh4 33. gxh4 Nf3 34. Kc4 Nxh4 35. Rh1 Nf3 36. Rxh5 Nd2+ 37. Kd3 Rd7+ 38. Ke3 Nb1 39. Reh8 1-0

[Event "Lynskak-DM 2024"]
[Site "Helsingor"]
[Date "2024.09.01"]
[Round "6.5"]
[White "Jacobsen, Mikkel Manosri"]
[Black "Le Besq, Alexander"]
[Result "1-0"]
[WhiteElo "2228"]
[BlackElo "2174"]
[WhiteFideId "1444514"]
[BlackFideId "1437089"]
[EventDate "2024.09.01"]
[EventType "swiss"]
[EventRounds "13"]
[EventCountry "DEN"]
[SourceTitle "Live v. Kasper Jerwiarz"]

1. d4 Nf6 2. Nf3 g6 3. Bf4 Bg7 4. c3 O-O 5. Nbd2 Re8 6. e4 d6 7. h3 Nc6 8. Be2 e5 9. dxe5 Nxe5 10. Nxe5 dxe5 11. Be3 Be6 12. O-O c6 13. a4 Qc7 14. a5 Red8 15. Qc2 Rd7 16. b4 Rdd8 17. Rfb1 Nd7 18. Nc4 b6 19. Rd1 c5 20. b5 Bf8 21. Rd2 a6 22. axb6 Nxb6 23. Nxb6 Rxd2 24. Nxa8 Rxc2 25. Nxc7 Rxe2 26. Nxe6 axb5 27. Nxf8 Kxf8 28. Bxc5+ Ke8 29. Ra8+ Kd7 30. Ra7+ Kc6 31. Bb4 Rxe4 32. Rxf7 Kd5 33. Rxh7 Kc4 34. Rc7+ Kd3 35. Rc5 Re1+ 36. Kh2 e4 37. Rxb5 Ke2 38. Bc5 Kf1 39. Be3 g5 40. Kg3 Kg1 41. c4 Rf1 42. c5 Kh1 43. c6 g4 44. hxg4 Rg1 45. Rh5# 1-0

[Event "Lynskak-DM 2024"]
[Site "Helsingor"]
[Date "2024.09.01"]
[Round "6.6"]
[White "Hansen, Jacob Ost"]
[Black "Falkesgaard, Jeppe Hald"]
[Result "0-1"]
[WhiteElo "2318"]
[BlackElo "2194"]
[WhiteFideId "1400096"]
[BlackFideId "1464981"]
[EventDate "2024.09.01"]
[EventType "swiss"]
[EventRounds "13"]
[EventCountry "DEN"]
[SourceTitle "Live v. Kasper Jerwiarz"]

1. g3 d5 2. Nf3 c5 3. Bg2 Nc6 4. O-O Nf6 5. d3 g6 6. Nbd2 Bg7 7. e4 O-O 8. Re1 h6 9. c3 Re8 10. e5 Nd7 11. d4 cxd4 12. cxd4 Nf8 13. Nf1 Bg4 14. Be3 Ne6 15. h3 Bxf3 16. Qxf3 Nexd4 17. Qd1 Bxe5 18. Bxh6 Bf6 19. Ne3 e6 20. Ng4 Bg7 21. Bxg7 Kxg7 22. h4 Nf5 23. Rc1 Qb6 24. Qd2 Qd4 25. Qxd4+ Nfxd4 26. a3 Rac8 27. b4 f5 28. Ne3 Ne5 29. Rxc8 Nef3+ 30. Bxf3 Nxf3+ 31. Kf1 0-1

[Event "Lynskak-DM 2024"]
[Site "Helsingor"]
[Date "2024.09.01"]
[Round "6.7"]
[White "Pedersen, Gunnar"]
[Black "Jorgensen, Dennis"]
[Result "1-0"]
[WhiteElo "2191"]
[BlackElo "2236"]
[WhiteFideId "1407414"]
[BlackFideId "1408380"]
[EventDate "2024.09.01"]
[EventType "swiss"]
[EventRounds "13"]
[EventCountry "DEN"]
[SourceTitle "Live v. Kasper Jerwiarz"]

1. d4 Nf6 2. Nf3 e6 3. c4 b6 4. Nc3 Bb4 5. Bg5 Bb7 6. e3 h6 7. Bh4 g5 8. Bg3 Ne4 9. Nd2 Bxc3 10. bxc3 Nxg3 11. hxg3 d6 12. Bd3 Nd7 13. Be4 Bxe4 14. Nxe4 Qe7 15. Qf3 O-O-O 16. a4 a5 17. Rb1 e5 18. g4 Rde8 19. Ng3 e4 20. Qe2 Nf6 21. Nf5 Qf8 22. O-O h5 23. c5 dxc5 24. Qa6+ Kb8 25. Rxb6+ cxb6 26. Qxb6+ Kc8 27. Qc6+ Kd8 28. Rb1 Nd7 29. Rb7 1-0

[Event "Lynskak-DM 2024"]
[Site "Helsingor"]
[Date "2024.09.01"]
[Round "6.8"]
[White "Kushyk, Denys"]
[Black "Pedersen, Daniel Vesterbaek"]
[Result "0-1"]
[WhiteElo "1850"]
[BlackElo "2184"]
[WhiteFideId "34149066"]
[BlackFideId "1402161"]
[EventDate "2024.09.01"]
[EventType "swiss"]
[EventRounds "13"]
[EventCountry "DEN"]
[SourceTitle "Live v. Kasper Jerwiarz"]

1. e4 c5 2. Nf3 d6 3. d4 cxd4 4. Nxd4 Nf6 5. Nc3 a6 6. Be2 e5 7. Nb3 Be7 8. O-O O-O 9. Kh1 b5 10. Bf3 Bb7 11. Re1 h6 12. Qd3 b4 13. Ne2 a5 14. Be3 d5 15. exd5 Bxd5 16. Bxd5 Qxd5 17. Rad1 Rd8 18. Qxd5 Rxd5 19. c3 Nbd7 20. Rxd5 Nxd5 21. Rd1 N7f6 22. c4 Nxe3 23. fxe3 Ng4 24. Kg1 Nxe3 25. Rc1 a4 26. Nd2 Rd8 27. Ne4 f5 28. N4g3 Bc5 29. Kh1 Rd2 30. b3 a3 31. Rc2 Rxc2 0-1

[Event "Lynskak-DM 2024"]
[Site "Helsingor"]
[Date "2024.09.01"]
[Round "6.9"]
[White "Larsen, Karsten"]
[Black "Meskenas, Paulius"]
[Result "0-1"]
[WhiteElo "2181"]
[BlackElo "1998"]
[WhiteFideId "1404288"]
[BlackFideId "12809969"]
[EventDate "2024.09.01"]
[EventType "swiss"]
[EventRounds "13"]
[EventCountry "DEN"]
[SourceTitle "Live v. Kasper Jerwiarz"]

1. e4 e5 2. Nf3 Nc6 3. Bb5 a6 4. Ba4 Nf6 5. Qe2 b5 6. Bb3 Be7 7. c3 O-O 8. d3 Re8 9. Bg5 h6 10. Bh4 d6 11. h3 Bb7 12. Nbd2 Na5 13. Bc2 c5 14. g4 Nc6 15. Nf1 d5 16. Ne3 dxe4 17. dxe4 g5 18. Bg3 b4 19. Nf5 Bf8 20. h4 bxc3 21. bxc3 Qa5 22. O-O Qxc3 23. hxg5 hxg5 24. Nxg5 Nd4 25. Nxd4 exd4 26. Bd3 Bh6 27. Qf3 Bxg5 28. Qf5 Qxd3 29. Qxg5+ Kh7 30. Qf5+ Kg8 31. Qxf6 Qxe4 32. f3 Qe3+ 33. Kg2 Re6 34. Qf5 Rg6 35. Rf2 d3 36. Rh1 Re8 37. Qh5 Qd4 38. Bd6 Qg7 39. Kg1 Re1+ 40. Kg2 Rxh1 41. Kxh1 Rh6 42. Kg2 0-1

[Event "Lynskak-DM 2024"]
[Site "Helsingor"]
[Date "2024.09.01"]
[Round "6.10"]
[White "Nilssen, Ellen Fredericia"]
[Black "Christensen, Janus"]
[Result "0-1"]
[WhiteElo "2092"]
[BlackElo "2143"]
[WhiteFideId "1441230"]
[BlackFideId "1408402"]
[EventDate "2024.09.01"]
[EventType "swiss"]
[EventRounds "13"]
[EventCountry "DEN"]
[SourceTitle "Live v. Kasper Jerwiarz"]

1. d4 e6 2. c4 f5 3. g3 Nf6 4. Bg2 Be7 5. Nc3 d6 6. Nf3 O-O 7. O-O Ne4 8. Qc2 Nxc3 9. bxc3 Nc6 10. e4 e5 11. d5 Na5 12. c5 fxe4 13. Qxe4 Bf5 14. Qa4 c6 15. cxd6 Bxd6 16. dxc6 Nxc6 17. Bg5 Qd7 18. Rad1 Qc7 19. Nh4 Be6 20. Rd2 Be7 21. Bxe7 Nxe7 22. Rfd1 Rad8 23. Qxa7 Rxd2 24. Rxd2 Qxc3 25. Rd1 Qc2 26. Rf1 Bc4 27. Qc5 Bd3 28. Qxc2 Bxc2 29. Bxb7 Rb8 30. Bf3 Rb2 31. a3 Ra2 32. Rc1 e4 33. Bg4 Kf7 34. Ng2 Nd5 35. Ne1 Bd3 36. Bd1 Rxa3 37. Bg4 Ra2 38. Ng2 g6 39. h4 h5 40. Bd1 Kf6 41. Bb3 Ra5 42. Bxd5 Rxd5 43. Ne3 Ra5 44. Kg2 Be2 45. Kg1 Bf3 46. Nf1 Rd5 47. Nh2 Be2 48. Nf1 Rd1 49. Rxd1 Bxd1 50. Ne3 Bf3 51. Kf1 Ke5 52. Ke1 Kd4 53. Kd2 Bh1 54. Nc2+ Ke5 55. Ke3 Bf3 56. Nd4 Bh1 57. Ne2 Kf5 58. Nf4 Bf3 59. Nd5 Ke5 60. Nc3 Bh1 61. Ne2 Bf3 62. Nf4 Kf5 63. Kd4 g5 0-1

[Event "Lynskak-DM 2024"]
[Site "Helsingor"]
[Date "2024.09.01"]
[Round "7.1"]
[White "Jepson, Christian"]
[Black "Bjerre, Jonas Buhl"]
[Result "1-0"]
[WhiteElo "2356"]
[BlackElo "2497"]
[WhiteFideId "1701185"]
[BlackFideId "1444948"]
[EventDate "2024.09.01"]
[EventType "swiss"]
[EventRounds "13"]
[EventCountry "DEN"]
[SourceTitle "Live v. Kasper Jerwiarz"]

1. Nf3 Nf6 2. c4 c5 3. g3 g6 4. Bg2 Bg7 5. O-O Nc6 6. Nc3 O-O 7. b3 d5 8. cxd5 Nxd5 9. Bb2 Nc7 10. Rc1 b6 11. Na4 Bxb2 12. Nxb2 Bb7 13. Ne5 Nxe5 14. Bxb7 Rb8 15. Bg2 Qd4 16. Nc4 Nxc4 17. Rxc4 Qd6 18. d4 Rfd8 19. Qc1 Ne6 20. dxc5 Nxc5 21. Qh6 Qe5 22. b4 Ne6 23. e3 b5 24. Re4 Qf6 25. Bh3 Ng5 26. Rf4 Nxh3+ 27. Qxh3 Qe5 28. Rc1 Rd2 29. Rc8+ Rxc8 30. Qxc8+ Kg7 31. Qe8 Qd5 32. e4 Qc4 33. Kg2 Rd1 34. Qxe7 Qf1+ 35. Kf3 Qh1+ 36. Kg4 Kh6 37. Qf8# 1-0

[Event "Lynskak-DM 2024"]
[Site "Helsingor"]
[Date "2024.09.01"]
[Round "7.2"]
[White "Thybo, Jesper Sondergaard"]
[Black "Hansen, Sune Berg"]
[Result "0-1"]
[WhiteElo "2380"]
[BlackElo "2561"]
[WhiteFideId "1438832"]
[BlackFideId "1400266"]
[EventDate "2024.09.01"]
[EventType "swiss"]
[EventRounds "13"]
[EventCountry "DEN"]
[SourceTitle "Live v. Kasper Jerwiarz"]

1. Nf3 Nf6 2. g3 g6 3. Bg2 Bg7 4. O-O O-O 5. c4 d6 6. d4 Nbd7 7. Nc3 e5 8. h3 exd4 9. Nxd4 Re8 10. e4 Nc5 11. Re1 Bd7 12. b4 Ne6 13. Be3 a5 14. b5 Nc5 15. Qc2 Qc8 16. g4 h5 17. g5 Nh7 18. h4 Bh3 19. f3 Bxg2 20. Kxg2 Nf8 21. Nd5 Qd8 22. Rad1 Nfd7 23. Bf2 a4 24. Bg3 Ne5 25. f4 Ng4 26. e5 dxe5 27. fxe5 Qc8 28. Nf6+ Bxf6 29. gxf6 a3 30. Qd2 Ra4 31. Rc1 Ra8 32. Qg5 Ne6 33. Nxe6 Qxe6 34. Red1 Rad8 35. Qf4 Rd7 36. Rxd7 Qxd7 37. Qf3 c6 38. Kg1 Qd4+ 39. Kh1 Nxe5 40. Qe2 Re6 41. Rd1 Qxc4 42. Qxc4 Nxc4 43. Rd8+ Kh7 44. Rd7 Rxf6 45. Rxb7 cxb5 46. Rxb5 Re6 47. Rc5 Re4 48. Rc7 Kg7 49. Bf2 Ne5 50. Ra7 Ng4 51. Bg3 Re3 52. Bf4 Re1+ 53. Kg2 Re2+ 54. Kf3 Rxa2 55. Bd6 Rf2+ 56. Kg3 a2 57. Be5+ Kf8 58. Bd6+ Ke8 59. Re7+ Kd8 60. Ra7 Rc2 61. Bc7+ Ke8 62. Bd6 f6 63. Re7+ Kd8 64. Ra7 Ne5 65. Be7+ Kc8 66. Bxf6 Nc6 67. Ra3 Kd7 68. Kf4 Nb4 69. Kg5 Rg2+ 70. Kh6 Ke6 71. Bg7 Kd5 72. Ra5+ Kc4 73. Bf6 Kb3 74. Ra8 Rg1 75. Be5 Nc2 76. Rb8+ Kc4 77. Rc8+ Kd3 78. Ra8 a1=Q 79. Bxa1 Nxa1 80. Ra6 g5 81. hxg5 h4 82. Ra3+ Ke4 83. Ra4+ Kf5 84. Rxh4 Rxg5 85. Rh5 0-1

[Event "Lynskak-DM 2024"]
[Site "Helsingor"]
[Date "2024.09.01"]
[Round "7.3"]
[White "Saugmann, Frederik Chabert"]
[Black "Hector, Jonny"]
[Result "0-1"]
[WhiteElo "1942"]
[BlackElo "2403"]
[WhiteFideId "1476122"]
[BlackFideId "1700090"]
[EventDate "2024.09.01"]
[EventType "swiss"]
[EventRounds "13"]
[EventCountry "DEN"]
[SourceTitle "Live v. Kasper Jerwiarz"]

1. d4 d5 2. c4 c6 3. Nf3 Nf6 4. Nc3 dxc4 5. a4 Bf5 6. e3 e6 7. Bxc4 Bb4 8. O-O Nbd7 9. Ne2 O-O 10. Ng3 Bg6 11. b3 Qe7 12. Bb2 a5 13. Rc1 Rad8 14. Qe2 Nd5 15. e4 N5b6 16. Bd3 c5 17. Rfd1 cxd4 18. Bxd4 Bc5 19. Bc3 Ra8 20. Bb5 Nf6 21. Bxf6 gxf6 22. Rc2 Rad8 23. Rcd2 Bb4 24. Rd4 Rxd4 25. Rxd4 Rc8 26. h3 Rc1+ 27. Kh2 Qc7 28. Bc4 Bd6 29. Qd2 Nxc4 30. bxc4 Bxg3+ 31. fxg3 Rxc4 32. Rxc4 Qxc4 33. Qxa5 Bxe4 34. Qa7 Bxf3 35. gxf3 Qe2+ 36. Kg1 Qxf3 37. Qb8+ Kg7 38. Qd6 e5 39. Kh2 Qf2+ 40. Kh1 Qxg3 0-1

[Event "Lynskak-DM 2024"]
[Site "Helsingor"]
[Date "2024.09.01"]
[Round "7.4"]
[White "Falkesgaard, Jeppe Hald"]
[Black "Jacobsen, Mikkel Manosri"]
[Result "1-0"]
[WhiteElo "2194"]
[BlackElo "2228"]
[WhiteFideId "1464981"]
[BlackFideId "1444514"]
[EventDate "2024.09.01"]
[EventType "swiss"]
[EventRounds "13"]
[EventCountry "DEN"]
[SourceTitle "Live v. Kasper Jerwiarz"]

1. b3 d5 2. Bb2 c5 3. Nf3 a6 4. e3 Nc6 5. c4 d4 6. d3 Nf6 7. Be2 e5 8. O-O Be7 9. Nbd2 O-O 10. a3 a5 11. Ne4 Nd7 12. Ng3 f5 13. e4 f4 14. Nf5 Ra6 15. Nd2 g6 16. Nxe7+ Qxe7 17. Bg4 Nf6 18. Bxc8 Rxc8 19. Qe2 g5 20. Kh1 g4 21. f3 h5 22. fxg4 hxg4 23. g3 f3 24. Nxf3 gxf3 25. Qxf3 Rf8 26. Bc1 Qg7 27. Qf5 Nh7 28. Qe6+ Kh8 29. Bh6 Qg8 30. Rxf8 Nxf8 31. Qf6+ Kh7 32. Rf1 Ng6 33. Qg5 Nce7 34. h4 Re6 35. h5 Nh8 36. Qh4 Kxh6 37. Rf6+ Kh7 38. Rf2 Nc8 39. g4 Nf7 40. Rf5 Ncd6 41. g5 Nxf5 42. g6+ Kg7 43. exf5 Rf6 44. gxf7 Kxf7 45. Qe4 Kg7 46. Qg4+ Kh7 47. Qf3 Kh6 48. Qxb7 Qg3 49. Qe4 Qh3+ 50. Kg1 Qxf5 1-0

[Event "Lynskak-DM 2024"]
[Site "Helsingor"]
[Date "2024.09.01"]
[Round "7.5"]
[White "Pedersen, Daniel Vesterbaek"]
[Black "Wilbrandt, Simon Pil"]
[Result "0-1"]
[WhiteElo "2184"]
[BlackElo "2107"]
[WhiteFideId "1402161"]
[BlackFideId "1436988"]
[EventDate "2024.09.01"]
[EventType "swiss"]
[EventRounds "13"]
[EventCountry "DEN"]
[SourceTitle "Live v. Kasper Jerwiarz"]

1. e4 Nc6 2. Nf3 f5 3. exf5 d5 4. d4 Bxf5 5. Bb5 e6 6. O-O Bd6 7. Re1 Ne7 8. Bg5 O-O 9. Nbd2 a6 10. Bxc6 bxc6 11. Ne5 Qe8 12. Nf1 c5 13. c3 cxd4 14. cxd4 Ng6 15. Ng3 Nxe5 16. dxe5 Bc5 17. Be3 Bxe3 18. Rxe3 c5 19. Rc1 Qb5 20. Rb3 Qa5 21. a3 c4 22. Rb7 Qc5 23. Nh5 Bg6 24. Nxg7 Rxf2 25. Nxe6 Qe3 26. Kh1 Qe4 27. Qg1 Rf5 28. Re1 Qh4 29. Nd4 Rh5 30. Nf3 Qg4 31. Qc5 Rf8 32. Qe7 Rf7 33. Rb8+ Kg7 34. Qe8 Rxh2+ 35. Nxh2 Rf1+ 36. Rxf1 0-1

[Event "Lynskak-DM 2024"]
[Site "Helsingor"]
[Date "2024.09.01"]
[Round "7.6"]
[White "Hoyer, Jacob K"]
[Black "Pedersen, Gunnar"]
[Result "1/2-1/2"]
[WhiteElo "2192"]
[BlackElo "2191"]
[WhiteFideId "1416316"]
[BlackFideId "1407414"]
[EventDate "2024.09.01"]
[EventType "swiss"]
[EventRounds "13"]
[EventCountry "DEN"]
[SourceTitle "Live v. Kasper Jerwiarz"]

1. d4 d5 2. c4 e6 3. Nc3 c5 4. cxd5 exd5 5. Nf3 Nc6 6. g3 Nf6 7. Bg2 cxd4 8. Nxd4 Bc5 9. Nxc6 bxc6 10. O-O O-O 11. Na4 Bb6 12. Qc2 Ba6 13. Rd1 Re8 14. Nxb6 axb6 15. Bf3 Rc8 16. Bf4 h6 17. Rac1 g5 18. Be3 c5 19. Qf5 d4 20. h4 Qe7 21. hxg5 dxe3 22. gxf6 exf2+ 23. Kg2 Qe5 24. Qg4+ Qg5 25. Qxg5+ hxg5 26. Kxf2 Kh7 27. Rd6 Re6 28. Rxe6 fxe6 29. Be4+ Kg8 30. Bg6 Rf8 31. f7+ Kg7 32. Bh5 Rh8 33. g4 e5 34. Rd1 Bc4 35. Rd7 Rf8 36. b3 Bxf7 37. Ke3 Kf6 38. Bxf7 Rxf7 39. Rd6+ Ke7 40. Rxb6 Rf4 41. Rb5 Kd6 42. Rb6+ Kd5 43. Rg6 Rxg4 44. a4 c4 45. bxc4+ Rxc4 46. Rxg5 Rxa4 1/2-1/2

[Event "Lynskak-DM 2024"]
[Site "Helsingor"]
[Date "2024.09.01"]
[Round "7.7"]
[White "Meskenas, Paulius"]
[Black "Hansen, Jacob Ost"]
[Result "1-0"]
[WhiteElo "1998"]
[BlackElo "2318"]
[WhiteFideId "12809969"]
[BlackFideId "1400096"]
[EventDate "2024.09.01"]
[EventType "swiss"]
[EventRounds "13"]
[EventCountry "DEN"]
[SourceTitle "Live v. Kasper Jerwiarz"]

1. e4 c5 2. Nf3 e6 3. h3 Nc6 4. Nc3 a6 5. a4 Nge7 6. d4 cxd4 7. Nxd4 Nxd4 8. Qxd4 Nc6 9. Qd1 Bb4 10. Qg4 O-O 11. Bd2 d5 12. Bd3 e5 13. Qg3 dxe4 14. Bxe4 f5 15. Bd5+ Kh8 16. O-O-O Qa5 17. Rhe1 f4 18. Qh4 Bf5 19. g4 Bg6 20. Be4 Bxe4 21. Rxe4 Rad8 22. g5 Nd4 23. Qg4 Bxc3 24. Bxc3 Qxa4 25. Bxd4 Rxd4 26. Rexd4 exd4 27. Kb1 1-0

[Event "Lynskak-DM 2024"]
[Site "Helsingor"]
[Date "2024.09.01"]
[Round "7.8"]
[White "Jorgensen, Dennis"]
[Black "Kushyk, Denys"]
[Result "1-0"]
[WhiteElo "2236"]
[BlackElo "1850"]
[WhiteFideId "1408380"]
[BlackFideId "34149066"]
[EventDate "2024.09.01"]
[EventType "swiss"]
[EventRounds "13"]
[EventCountry "DEN"]
[SourceTitle "Live v. Kasper Jerwiarz"]

1. d4 Nf6 2. Nf3 d5 3. c4 e6 4. g3 Be7 5. Bg2 c6 6. Qc2 O-O 7. O-O Nbd7 8. Nbd2 b6 9. b3 Bb7 10. Bb2 Rc8 11. Rad1 Qc7 12. Rfe1 c5 13. dxc5 Nxc5 14. Be5 Bd6 15. Bxf6 gxf6 16. Qb1 f5 17. Nd4 dxc4 18. Nb5 Qb8 19. Nxd6 Qxd6 20. Nxc4 Qc7 21. Bxb7 Nxb7 22. Qb2 Rcd8 23. Qf6 Nc5 24. f3 b5 25. Ne5 Rxd1 26. Rxd1 Nb7 27. Nd3 Re8 28. Qg5+ Kh8 29. Qe3 a6 30. Ne5 Kg8 31. Rd7 Qc5 32. Qxc5 Nxc5 33. Rc7 Rd8 34. Rxc5 Rd1+ 35. Kf2 Rd2 36. a4 bxa4 37. bxa4 Kf8 38. Rc7 Ra2 39. Rxf7+ Kg8 40. Re7 Rxa4 41. Rxe6 a5 42. Ra6 Ra1 43. Ke3 a4 44. Kf4 a3 45. Kxf5 a2 46. Kf6 h5 47. Ra8+ Kh7 48. Ra7+ Kh8 49. Kg6 h4 50. Ra8# 1-0

[Event "Lynskak-DM 2024"]
[Site "Helsingor"]
[Date "2024.09.01"]
[Round "7.9"]
[White "Le Besq, Alexander"]
[Black "Wehding, Anton Bonsvig"]
[Result "0-1"]
[WhiteElo "2174"]
[BlackElo "1962"]
[WhiteFideId "1437089"]
[BlackFideId "1463217"]
[EventDate "2024.09.01"]
[EventType "swiss"]
[EventRounds "13"]
[EventCountry "DEN"]
[SourceTitle "Live v. Kasper Jerwiarz"]

1. e4 c5 2. Nf3 Nc6 3. d4 cxd4 4. Nxd4 Nf6 5. Nc3 e5 6. Ndb5 d6 7. Bg5 a6 8. Na3 b5 9. Bxf6 Qxf6 10. Nd5 Qd8 11. Bxb5 axb5 12. Nxb5 Be7 13. Nbc7+ Kf8 14. Nxa8 Qa5+ 15. c3 Qxa8 16. O-O Bg5 17. a4 Ne7 18. Nb6 Qc6 19. Nxc8 Nxc8 20. Qd5 Qxd5 21. exd5 Ke7 22. a5 Na7 23. Rfb1 Rb8 24. Kf1 e4 25. Ke2 Rb3 26. Ra3 Rb5 27. b4 Rxd5 28. c4 Rd4 29. b5 Rxc4 30. b6 Rc2+ 31. Kf1 Nb5 32. b7 Nxa3 33. b8=Q Nxb1 34. Qb7+ Kf6 35. h4 Rc1+ 36. Ke2 Nc3# 0-1